Del genocidio a la pacificación: movimiento indígena campesino en la Guatemala del amor en los tiempos de cólera (1983-1996) /
Se brinda una visión analítica de las racionalidades estratégicas que moldearon a las organizaciones indígenas y campesinas del movimiento social guatemalteco, en un periodo de tiempo que abarca los años más crudos del genocidio -los 80s- hasta la firma de la paz en 1996. Se analizaron varios docume...
Αποθηκεύτηκε σε:
| Κύριος συγγραφέας: | |
|---|---|
| Μορφή: | Κείμενο |
| Θέματα: | |
| Ετικέτες: |
Προσθήκη ετικέτας
Δεν υπάρχουν, Καταχωρήστε ετικέτα πρώτοι!
|
MARC
| LEADER | 00000 a a2200000 04500 | ||
|---|---|---|---|
| 001 | 41270 | ||
| 003 | |||
| 040 | |||
| 100 | |a Mazariegos, Juan Carlos | ||
| 245 | |a Del genocidio a la pacificación: |b movimiento indígena campesino en la Guatemala del amor en los tiempos de cólera (1983-1996) / |c Juan Carlos Mazariegos | ||
| 500 | |a juanmazate@yahoo.com | ||
| 520 | |a Se brinda una visión analítica de las racionalidades estratégicas que moldearon a las organizaciones indígenas y campesinas del movimiento social guatemalteco, en un periodo de tiempo que abarca los años más crudos del genocidio -los 80s- hasta la firma de la paz en 1996. Se analizaron varios documentos internos de dichas organizaciones campesinas, así como entrevistas a dirigentes políticos y documentos analíticos. Se despliegan las racionalidades dominantes en los años de la "transición política", mostrando el conflicto entre una estrategia Reformista-Estructural-Conciliatoria propia de la negociación, contra otra que apostó por las Demandas-Concretas-Contenciosas desde la resistencia comunitaria. | ||
| 590 | |a DISEMINAR032012/EFU/MARZO2012 | ||
| 650 | |a 1.MOVIMIENTOS SOCIALES | ||
| 650 | |a 2.POBLACION INDIGENA | ||
| 650 | |a 3.MOVIMIENTOS CAMPESINOS | ||
| 650 | |a 4.SOCIEDAD CIVIL | ||
| 650 | |a 5.DEMOCRATIZACION | ||
| 650 | |a 6.DISCURSOS | ||
| 650 | |a 7.ESTUDIOS DE CASOS | ||
| 650 | |a 8.GUATEMALA | ||
| 740 | |a Viejas preocupaciones - Nuevos abordajes? : |b movimientos sociales en Centroamérica y el Cono Sur | ||
| 773 | |g volumen4, número5 ( , 2007), páginas 139-164 | ||
| 999 | |c 36382 |d 36382 | ||
